[Event "Rhein Main op 12th"]
[Site "Bad Homburg"]
[Date "2009.06.10"]
[Round "1"]
[White "Zarges, Peter"]
[Black "Prudlo, Simon"]
[Result "0-1"]
[WhiteElo "1814"]
[BlackElo "2238"]
[PlyCount "68"]
[EventDate "2009.06.10"]
[EventType "swiss"]
[EventRounds "7"]
[EventCountry "GER"]
[SourceTitle "CBM 131 Extra"]
[Source "ChessBase"]
[SourceDate "2009.09.03"]
[SourceVersion "2"]
[SourceVersionDate "2009.09.16"]
[SourceQuality "1"]

1. e4 e6 2. d4 d5 3. Nc3 Nf6 4. Bg5 Be7 5. Bxf6 Bxf6 6. e5 Be7 7. Qg4 Kf8 8. Bd3 c5 9. dxc5 Nd7 10. f4 Bxc5 11. 0-0-0 Qb6 12. Nf3 Bb4 13. Nb5 Nc5 14. Nd6 Nxd3+ 15. Rxd3 Bxd6 16. exd6 Qxd6 17. Ne5 h5 18. Qh3 Bd7 19. g4 Be8 20. Re1 f6 21. Rf3 Kg8 22. Rg3 h4 23. Rge3 fxe5 24. Rxe5 Bf7 25. f5 exf5 26. gxf5 Qh6+ 27. Kb1 Kh7 28. Qd3 Qf6 29. b3 Rhe8 30. Re6 Bxe6 31. Rxe6 Rxe6 32. fxe6+ Kg8 33. Qxd5 Rd8 34. e7+ Rxd5 0-1

[Event "Hessen-ch Gr-D 62nd"]
[Site "Hanau"]
[Date "2008.03.22"]
[Round "4"]
[White "Zarges, Peter"]
[Black "Sohl, Thies"]
[Result "0-1"]
[WhiteElo "1796"]
[BlackElo "1620"]
[PlyCount "100"]
[EventDate "2008.03.21"]
[EventType "swiss"]
[EventRounds "5"]
[EventCountry "GER"]
[SourceTitle "CBM 123 Extra"]
[Source "ChessBase"]
[SourceDate "2008.05.06"]
[SourceVersion "1"]
[SourceVersionDate "2008.05.06"]
[SourceQuality "1"]

1. e4 e6 2. d4 d5 3. Nc3 Bb4 4. e5 c5 5. a3 Bxc3+ 6. bxc3 Qc7 7. Nf3 Nc6 8. Be2 Bd7 9. 0-0 Nge7 10. Bf4 0-0 11. Bg3 Qa5 12. Qd2 Rac8 13. Rfb1 Rc7 14. Rb5 Qa4 15. Rxc5 a6 16. Bd3 b6 17. Rxc6 Rxc6 18. Qe2 Nf5 19. Bxa6 Rxc3 20. Bd3 Rxa3 21. Re1 Ra1 22. h3 Rxe1+ 23. Qxe1 Bb5 24. Bxf5 exf5 25. e6 Qa7 26. Qb4 Ba4 27. Bd6 Rc8 28. Qe1 f6 29. c3 Be8 30. Bb4 Qa2 31. Qe3 Qb1+ 32. Kh2 Qe4 33. Nd2 Qxe3 34. fxe3 Rc6 35. e7 Rc8 36. Kg3 Kf7 37. Nf3 Ra8 38. h4 Ke6 39. Kf4 Ra2 40. Kg3 Re2 41. Ng1 Rxe3+ 42. Kf2 Re4 43. g3 f4 44. g4 Re3 45. Nf3 h6 46. g5 Bh5 47. Ng1 hxg5 48. hxg5 fxg5 49. e8Q+ Bxe8 50. Nf3 Kf5 0-1

[Event "Rhein Main op 10th"]
[Site "Bad Homburg"]
[Date "2007.06.10"]
[Round "7"]
[White "Zarges, Peter"]
[Black "Ivanovic, Petar"]
[Result "1/2-1/2"]
[WhiteElo "1533"]
[BlackElo "1934"]
[PlyCount "37"]
[EventDate "2007.06.06"]
[EventType "swiss"]
[EventRounds "7"]
[EventCountry "GER"]
[SourceTitle "EXT 2008"]
[Source "ChessBase"]
[SourceDate "2007.11.25"]
[SourceVersion "1"]
[SourceVersionDate "2007.11.25"]
[SourceQuality "1"]

1. e4 e6 2. d4 d5 3. exd5 exd5 4. Nf3 Nf6 5. Bd3 Bd6 6. 0-0 0-0 7. Bg5 Bg4 8. Nbd2 Nbd7 9. c3 c6 10. Qc2 Qc7 11. Rae1 Rfe8 12. h3 Bh5 13. Nh4 Bf4 14. Nhf3 Bxg5 15. Nxg5 Nf8 16. Ngf3 Qf4 17. Ne5 c5 18. g3 Qh6 19. dxc5 1/2-1/2

[Event "Rhein Main op 10th"]
[Site "Bad Homburg"]
[Date "2007.06.09"]
[Round "6"]
[White "Auschkalnis, Reinhard"]
[Black "Zarges, Peter"]
[Result "0-1"]
[WhiteElo "1916"]
[BlackElo "1533"]
[PlyCount "48"]
[EventDate "2007.06.06"]
[EventType "swiss"]
[EventRounds "7"]
[EventCountry "GER"]
[SourceTitle "EXT 2008"]
[Source "ChessBase"]
[SourceDate "2007.11.25"]
[SourceVersion "1"]
[SourceVersionDate "2007.11.25"]
[SourceQuality "1"]

1. e4 e5 2. Nf3 Nc6 3. Bb5 a6 4. Ba4 Nf6 5. 0-0 b5 6. Bb3 Be7 7. Re1 0-0 8. d3 d6 9. c3 Bd7 10. d4 exd4 11. cxd4 Bg4 12. Nc3 Na5 13. Bc2 Nc6 14. a3 b4 15. Nd5 Nxd5 16. exd5 Na7 17. axb4 Nb5 18. Qd3 g6 19. Be3 Bxf3 20. gxf3 Bf6 21. Kh1 Bg7 22. Rg1 Qf6 23. Rg3 Nxd4 24. Bg5 Qe5 0-1

[Event "Rhein Main op 10th"]
[Site "Bad Homburg"]
[Date "2007.06.07"]
[Round "2"]
[White "Froehlich Dill, Astrid"]
[Black "Zarges, Peter"]
[Result "1-0"]
[WhiteElo "1948"]
[BlackElo "1533"]
[PlyCount "75"]
[EventDate "2007.06.06"]
[EventType "swiss"]
[EventRounds "7"]
[EventCountry "GER"]
[SourceTitle "EXT 2008"]
[Source "ChessBase"]
[SourceDate "2007.11.25"]
[SourceVersion "1"]
[SourceVersionDate "2007.11.25"]
[SourceQuality "1"]

1. d4 d5 2. c4 e6 3. Nc3 c6 4. Nf3 f5 5. e3 Nf6 6. cxd5 exd5 7. Ne5 Bd6 8. f4 0-0 9. Qf3 Bxe5 10. dxe5 Ne4 11. Nxe4 fxe4 12. Qd1 Na6 13. b3 Bf5 14. Qd2 Nc7 15. Ba3 Rf7 16. Be2 Qh4+ 17. g3 Qh3 18. 0-0-0 Nb5 19. Bxb5 cxb5 20. Qxd5 h6 21. Rd2 Be6 22. Qxe4 Rc7+ 23. Kb2 Rac8 24. Bd6 Bf5 25. Qd5+ Be6 26. Qxb5 Rc6 27. e4 Qh5 28. Qe2 Bg4 29. Qf2 Rc3 30. Re1 a5 31. f5 b5 32. Qd4 b4 33. Qd5+ Kh8 34. f6 gxf6 35. exf6 Qg6 36. f7 Be6 37. Qe5+ Qg7 38. Rf1 1-0

[Event "Bad Zwesten op 9th"]
[Site "Bad Zwesten"]
[Date "2005.01.05"]
[Round "5"]
[White "Zarges, Peter"]
[Black "Gonnermann, Jan"]
[Result "0-1"]
[WhiteElo "1338"]
[BlackElo "1621"]
[PlyCount "64"]
[EventDate "2005.01.02"]
[EventType "swiss"]
[EventRounds "9"]
[EventCountry "GER"]
[SourceTitle "CBM 104 Extra"]
[Source "ChessBase"]
[SourceDate "2005.03.01"]
[SourceVersion "1"]
[SourceVersionDate "2005.03.01"]
[SourceQuality "1"]

1. e4 c5 2. Nf3 d6 3. d4 cxd4 4. Nxd4 Nf6 5. Nc3 g6 6. Bd3 Nc6 7. Be3 Bg7 8. 0-0 0-0 9. Nxc6 bxc6 10. Qc1 Bh8 11. Rb1 Qa5 12. b4 Qh5 13. Be2 Qe5 14. Qe1 Nxe4 15. Nxe4 Qxe4 16. Bf3 Qc4 17. Qd1 Bf5 18. Qe2 Qxe2 19. Bxe2 Bxc2 20. Rbc1 Ba4 21. Rb1 a6 22. Rfc1 Rfc8 23. h4 Bb5 24. Bf3 a5 25. a3 axb4 26. Rxb4 Kf8 27. h5 Bd3 28. h6 e6 29. Rxc6 Rxc6 30. Bxc6 Rc8 31. Bb7 Rc7 32. Ba6 Bxa6 0-1

[Event "Bad Zwesten op 9th"]
[Site "Bad Zwesten"]
[Date "2005.01.04"]
[Round "4"]
[White "Borchardt, Frank"]
[Black "Zarges, Peter"]
[Result "1-0"]
[WhiteElo "1861"]
[BlackElo "1338"]
[PlyCount "79"]
[EventDate "2005.01.02"]
[EventType "swiss"]
[EventRounds "9"]
[EventCountry "GER"]
[SourceTitle "CBM 104 Extra"]
[Source "ChessBase"]
[SourceDate "2005.03.01"]
[SourceVersion "1"]
[SourceVersionDate "2005.03.01"]
[SourceQuality "1"]

1. e4 e5 2. Nf3 Nf6 3. Nxe5 Qe7 4. d4 d6 5. Nf3 Nxe4 6. Be2 d5 7. 0-0 Qd8 8. c4 Nf6 9. Nc3 c6 10. Qb3 Be7 11. Bg5 dxc4 12. Bxc4 0-0 13. Ne5 Nd5 14. Bxe7 Qxe7 15. Nxd5 cxd5 16. Bxd5 Nc6 17. Nxc6 bxc6 18. Bxc6 Be6 19. d5 Rab8 20. Qf3 Bd7 21. Rfe1 Qd6 22. Re2 Bxc6 23. dxc6 Rbc8 24. Rc2 Rfd8 25. Rac1 Rc7 26. h3 h6 27. a3 a5 28. Qc3 Rdc8 29. Qc5 Qe6 30. Qb6 Qd6 31. Qxa5 Rxc6 32. Rxc6 Rxc6 33. Rxc6 Qxc6 34. Qd2 Qc5 35. b4 Qe5 36. Qe3 Qa1+ 37. Kh2 Qf6 38. b5 Qd6+ 39. g3 h5 40. Qe8+ 1-0

[Event "Bad Zwesten op 9th"]
[Site "Bad Zwesten"]
[Date "2005.01.03"]
[Round "2"]
[White "Horst, Michael"]
[Black "Zarges, Peter"]
[Result "1/2-1/2"]
[WhiteElo "1775"]
[BlackElo "1338"]
[PlyCount "75"]
[EventDate "2005.01.02"]
[EventType "swiss"]
[EventRounds "9"]
[EventCountry "GER"]
[SourceTitle "CBM 104 Extra"]
[Source "ChessBase"]
[SourceDate "2005.03.01"]
[SourceVersion "1"]
[SourceVersionDate "2005.03.01"]
[SourceQuality "1"]

1. e4 e5 2. Nf3 Nf6 3. Nxe5 Qe7 4. d4 d6 5. Nf3 Qxe4+ 6. Be2 Bf5 7. c4 d5 8. 0-0 Bb4 9. a3 Be7 10. Nc3 Qe6 11. Nb5 Na6 12. cxd5 Nxd5 13. Bc4 c6 14. Re1 Qd7 15. Ne5 Qd8 16. Nc3 Nac7 17. Qe2 Be6 18. Bd3 0-0 19. f4 Nf6 20. Nf3 Re8 21. Qf2 Bd5 22. Ne5 Ne6 23. Be3 Nf8 24. Re2 N6d7 25. Rae1 f6 26. Nc4 Bf7 27. f5 Nb6 28. Nd2 Nfd7 29. b4 Bh5 30. Nf3 Bd6 31. Ne4 Qc7 32. Nxd6 Qxd6 33. h3 Nd5 34. g4 Bf7 35. Bc4 N7b6 36. Bb3 Rad8 37. Bd2 Qd7 38. Re4 1/2-1/2

[Event "Bad Zwesten op 9th"]
[Site "Bad Zwesten"]
[Date "2005.01.03"]
[Round "3"]
[White "Zarges, Peter"]
[Black "Belica, Matej"]
[Result "1/2-1/2"]
[WhiteElo "1338"]
[BlackElo "1906"]
[PlyCount "86"]
[EventDate "2005.01.02"]
[EventType "swiss"]
[EventRounds "9"]
[EventCountry "GER"]
[SourceTitle "CBM 104 Extra"]
[Source "ChessBase"]
[SourceDate "2005.03.01"]
[SourceVersion "1"]
[SourceVersionDate "2005.03.01"]
[SourceQuality "1"]

1. e4 e5 2. Nf3 Nc6 3. d4 exd4 4. c3 Nf6 5. e5 Ne4 6. Bd3 d5 7. exd6 Nxd6 8. 0-0 Be7 9. Re1 0-0 10. Qc2 f5 11. Nxd4 Nxd4 12. cxd4 c6 13. Bf4 Bg5 14. Be5 Qd7 15. Nd2 Nf7 16. Bc4 Kh8 17. Nf3 Nxe5 18. dxe5 Be7 19. Rad1 Qc7 20. e6 Rf6 21. Nd4 f4 22. Nf5 a5 23. Nxe7 Qxe7 24. Qd3 Rf8 25. Qe4 g6 26. f3 Kg8 27. a4 Rf6 28. Rd8+ Kg7 29. Red1 Kh6 30. R8d6 Rb8 31. Qe1 g5 32. h4 Rg6 33. Qe5 b5 34. hxg5+ Rxg5 35. Qxf4 bxc4 36. Qh4+ Kg6 37. Qe4+ Kh6 38. f4 Rd5 39. R1xd5 cxd5 40. Rxd5 Rxb2 41. f5 Bb7 42. Qf4+ Qg5 43. Qh2+ Qh5 1/2-1/2